| 000 | 00641nam a22002297a 4500 | ||
|---|---|---|---|
| 005 | 20170124110054.0 | ||
| 010 | _aB-098695 | ||
| 020 | _c250.00 | ||
| 035 | _aB-098695 | ||
| 037 | _bCen Lib/Ret | ||
| 040 |
_aDPL _bEN |
||
| 082 |
_a658.152 _bRAT |
||
| 100 |
_aRathnam, P.V. _9102437 |
||
| 245 |
_aRathnam's cost adviser / _cby P.V. Rathnam |
||
| 250 | _a20th ed | ||
| 260 |
_aAllahabad _bKitab Mahal _c1989 |
||
| 270 |
_a22A, sarojni naidu marg _bAllahabad |
||
| 300 |
_a1027p. _c20cm(Hb) |
||
| 650 |
_aCost management _9102438 |
||
| 650 |
_aManagement accounting _9102439 |
||
| 942 |
_2ddc _cEN _h657.152 _mRAT |
||
| 999 |
_c129341 _d129341 |
||